| 000 | 00633nam a22001937a 4500 | ||
|---|---|---|---|
| 999 |
_c195680 _d195680 |
||
| 005 | 20230417155845.0 | ||
| 010 | _aENG-136693-94 | ||
| 020 |
_c300.00 _a9788181714985 |
||
| 035 | _aEN-120225-26 | ||
| 037 | _bDBAD/PUB | ||
| 082 | _a597.095436 | ||
| 100 | _aVenkataraman, K | ||
| 245 | 0 | 0 |
_aA Guide To Common Echinoids (Echinodermata) Of Andaman And Nicobar Islands/ _bBy K Venkataraman...[et.al] |
| 260 |
_aKolkata _bZoological Survey Of India _c2018 |
||
| 270 |
_bKolkata _aM- Block, New Alipore _e700053 |
||
| 300 |
_a38.; _c22cm(pbk) _bill. |
||
| 500 | _aIncludes index | ||
| 942 |
_2ddc _cEN _mVEN _h597.095436 |
||